000
00312nam a2200133Ia 4500
008
240624s9999 xx 000 0 und d
041
_a
eng
082
_a
823 DE
100
_a
DE SHOBHAA
245
_a
STRANGE OBSESSION
260
_c
1992
_a
New Delhi
_b
Penguin
300
_a
303 : p. : cm. ; 18
365
_c
RS
_b
25
999
_c
20064
_d
20064